Adžna VI. čakra - tretie oko - ako okno do duše

Podrobná bibliografia
Hlavný autor: Tanková, Karla (Autor)
Médium: Článok
Jazyk:slovenčina
Fyzický popis:Fotogr.
ISSN:1335-9134
Predmet:

MARC

LEADER 00000nab a2200000 a 4500
001 vtls000826853
003 SK-MaSNL
005 20260302162241.0
008 180205c2002 xo 0 slo
015 |a SNBRB2003/03-06614 
035 |a CLN000178508 
040 |a SNKBUCL  |b slo  |c SNKBUCL  |e AACR2 
041 0 |a slo 
044 |a xo  |c SK 
080 |a 133  |2 UDC-MRF-SK2 
100 1 |a Tanková, Karla  |4 aut  |9 844614 
245 1 0 |a Adžna  |b VI. čakra - tretie oko - ako okno do duše  |c Karla Tanková 
300 |b Fotogr. 
650 0 7 |a čakry  |x Adžna  |x hyperaktivita  |x hypoaktivita  |2 snkbucl  |9 861595 
655 7 |a články z novín a časopisov  |2 snkbucl  |9 267496 
773 0 |x 1335-9134  |t Vitalita  |g Č. 12 (2002), s. 39 
850 |a Slovenská národná knižnica v Martine 
852 |a SNK  |b KIS3GCP 
958 |a RBX 
999 |c 1379623  |d 1381553